| 000 | 00686nam a22001937a 4500 | ||
|---|---|---|---|
| 008 | 101027t xxu||||| |||| 00| 0 eng d | ||
| 020 | _a0205498841 | ||
| 020 | _a9780205498840 | ||
| 082 |
_a301.072 _bNEU |
||
| 100 |
_920648 _aNeuman, W. Lawrence |
||
| 245 |
_aBasics of Social Research : _bQualitative and Quantitative Approaches / _cW. Lawrence Neuman |
||
| 250 | _a2nd ed. | ||
| 260 |
_aBoston, Mass. : _bPearson, 2007 _c2007 |
||
| 300 |
_axi, 403 p. : _bill. ; _c25 cm. |
||
| 504 | _aIncludes bibliographical references (p.377-390) and index | ||
| 650 |
_9700 _aSociology _xResearch --Methodology |
||
| 650 |
_912336 _aSocial sciences _xResearch -- Methodology |
||
| 942 |
_2ddc _cNB |
||
| 999 |
_c14796 _d14796 |
||